02171nam a2200421 i 4500001001000000003000900010005001700019007000300036008004100039020001500080040003000095082002500125100005300150245012800203264003500331300002800366336002700394337003300421338002800454500008400482500007300566504003200639590002700671600004300698650006500741651007600806651006400882700005900946710005201005910003701057942001401094952012601108952012601234952012601360952012001486952012601606999001701732000021569DO-SdBNP20260521073716.0ta100909s1991 dr 000 0bspa d a8489525374 aDO-SdBNPbspacBNPHUerda 4a923.17293bB142S2221 aSang, Mu-Kien A. d1955-q(Mu-Kien Adriana)933110aBuenaventura Báez :bel caudillo del sur (1844-1878) /cMu-Kien A. Sang ; prólogo José Ramón Báez López-Penha. aSanto Domingo :bINTEC,c1991. a434 páginas ;c23 cm. 2rdacontentatextobtxt 2rdamediaasin mediaciónbn 2rdacarrieravolumenbnc aIncluye referencias bibliográficas y notas al pie de las páginas e índice aIncluye datos biográficos de la autora en la solapa de la cubierta aBibliografía : p. 419-424 aInventariado, 2019/MFF10aBaez, Buenaventura, d1812-1884987077 7aCaudilloszRepública DominicanavBiografías2LEMB944941 7aRepública Dominicana xPolítica y gobiernosy1844-19302LEMB987413 7aRepública DominicanaxHistoriayRestauración, 1863-18651 aBáez López-Penha, José Ramóneprólogo9312002 aInstituto Tecnológico de Santo Domingo978911 aValidado. Control de calidad MFF 2ddccLBS1 00102ddc56708DSaBNPHUbBNPHUcHDd2010-09-21oBNPHU DS 923.17293 B142Sp21569-30r2020-06-25te. 3w2020-06-25yLBS1 00102ddc56708DSaBNPHUbBNPHUcHDd2010-10-19oBNPHU DS 923.17293 B142Sp21569-40r2020-06-25te. 4w2020-06-25yLBS1 00102ddc56708DSaBNPHUbBNPHUcHDd2010-10-20oBNPHU DS 923.17293 B142Sp21569-50r2020-06-25te. 5w2020-06-25yLBS1 00102ddc51708PDaBNPHUbBNPHUcHDd2010-09-09oBNPHU PD 923.17293 B142Sp21569-10r2020-06-25w2020-06-25yLBS1 00102ddc51708PDaBNPHUbBNPHUcHDd2010-09-21oBNPHU PD 923.17293 B142Sp21569-20r2020-06-25te. 2w2020-06-25yLBS1 c21068d21068